Minerals policy statement one (Record no. 106110)

MARC details
000 -LEADER
fixed length control field 01791cam a2200265 4500
001 - CONTROL NUMBER
control field ##L135611
008 - FIXED-LENGTH DATA ELEMENTS--GENERAL INFORMATION
fixed length control field 061116n2006 000 0 eng u
035 ## - SYSTEM CONTROL NUMBER
System control number (Sirsi) u135611
041 0# - LANGUAGE CODE
Language code of text/sound track or separate title eng
050 04 - LIBRARY OF CONGRESS CALL NUMBER
Classification number 711.1 $2 18
110 1# - MAIN ENTRY--CORPORATE NAME
Corporate name or jurisdiction name as entry element United Kingdom
Subordinate unit Department for Communities and Local Government
9 (RLIN) 4939
245 00 - TITLE STATEMENT
Title Minerals policy statement one
Remainder of title planning and minerals
260 ## - PUBLICATION, DISTRIBUTION, ETC.
Place of publication, distribution, etc. London
Name of publisher, distributor, etc. DCLG
Date of publication, distribution, etc. 2006
490 #0 - SERIES STATEMENT
Series statement Minerals Policy Statement
520 ## - SUMMARY, ETC.
Summary, etc. Mineral Policy Statement One (MPS1) is the overarching planning policy document for all minerals in England, providing advice and guidance to planning authorities and the minerals industry and ensuring the need for society and the economy for minerals is managed in an integrated way against its impact on the environment and communities. Contains separate annexes on aggregates, brick clay, natural building and roofing stone, and on-shore oil and gas and underground storage of natural gas. To be read in conjunction with the practice guide (L135611).
520 ## - SUMMARY, ETC.
Summary, etc. Supersedes MPG1 "Minerals planning guidance: general considerations and the development plan system" (ISBN 0117532894). Completes, together with the annex on aggregates, the replacement of MG5 "Minerals planning guidance: guidelines for aggregates provision in England" (ISBN 0117529869).
590 ## - LOCAL NOTE (RLIN)
Local note KA NTK
650 24 - SUBJECT ADDED ENTRY--TOPICAL TERM
Topical term or geographic name entry element MINERALS POLICY STATEMENT ONE
650 24 - SUBJECT ADDED ENTRY--TOPICAL TERM
Topical term or geographic name entry element MINERALS PLANNING GUIDANCE NOTE SIX
650 24 - SUBJECT ADDED ENTRY--TOPICAL TERM
Topical term or geographic name entry element MINERALS PLANNING GUIDANCE NOTE ONE
651 #4 - SUBJECT ADDED ENTRY--GEOGRAPHIC NAME
Geographic name England
Chronological subdivision 886-
690 ## - LOCAL SUBJECT ADDED ENTRY--TOPICAL TERM (OCLC, RLIN)
Topical term or geographic name as entry element ENVIRONMENTAL AND LAND CONSULTANCY-MINERAL RESOURCE MANAGEMENT-MINERAL PLANNING
856 40 - ELECTRONIC LOCATION AND ACCESS
Uniform Resource Identifier <a href="https://www.communities.gov.uk/index.asp?id=1504271 ">https://www.communities.gov.uk/index.asp?id=1504271 </a>
Public note View the policy statement free of charge at www.communities.gov.ukƯ 9781851128693
942 ## - ADDED ENTRY ELEMENTS (KOHA)
Suppress in OPAC 0
Holdings
Withdrawn status Lost status Source of classification or shelving scheme Damaged status Not for loan Home library Current library Shelving location Date acquired Total Checkouts Full call number Barcode Date last seen Copy number Price effective from Koha item type
    Dewey Decimal Classification     Virtual Virtual Online 16/11/2006   ONLINE PUBLICATION 135611-2001 06/08/2019 1 06/08/2019 Book